Normal view
MARC view
- أدلة - التعليم العالي - هيئة الإعتماد - الأردن
Entry Topical Term
001 - CONTROL NUMBER
- control field: 53232
003 - CONTROL NUMBER IDENTIFIER
- control field: JO-AjAnu
005 - DATE AND TIME OF LATEST TRANSACTION
- control field: 20230606082738.0
008 - FIXED-LENGTH DATA ELEMENTS
- fixed length control field: 230606|| aca||aabn | a|a d
040 ## - CATALOGING SOURCE
- Original cataloging agency: JO-AjAnu
- Transcribing agency: JO-AjAnu
150 ## - HEADING--TOPICAL TERM
- Topical term or geographic name entry element: أدلة - التعليم العالي - هيئة الإعتماد - الأردن
670 ## - SOURCE DATA FOUND
- Source citation: Work cat.: (JO-AjAnu)27196: هيئة إعتماد مؤسسات التعليم العالي، عمان, author 53231, هيئة إعتماد مؤسسات التعليم العالي وضمان جودتها = Accreditation and Quality Assurance Commission for Higher Education Institutions : دليل قياس معايير ضمان الجودة لمؤسسات التعليم العالي 2016